| 000 | 00380nam a2200133Ia 4500 | ||
|---|---|---|---|
| 003 | GCL | ||
| 008 | 140319s9999 xx 000 0 ara d | ||
| 040 |
_aGCL / _cGCL |
||
| 082 | 0 | 4 |
_a341 _bع ق |
| 245 | 1 | 0 | _aالقاعدة العرفية فى القانون الدولى العام |
| 260 |
_a[S.N] : _bدار النهضة العربية ، _c1990 |
||
| 300 | _a165 ص | ||
| 490 | _a | ||
| 999 |
_c54924 _d54924 |
||